3-letter ISO code of european countries - Statistics

General Stats
  • This quiz has been taken 40 times
    39 since last reset
  • The average score is 33 of 44
Answer Stats
Hint Answer % Correct
DNK Denmark
96%
LTU Lithuania
96%
AUT Austria
86%
FIN Finland
82%
ITA Italy
82%
LUX Luxembourg
82%
MLT Malta
82%
MNE Montenegro
82%
UKR Ukraine
82%
VAT Vatican City
82%
ALB Albania
79%
AND Andorra
79%
BLR Belarus
79%
DEU Germany
79%
HUN Hungary
79%
MCO Monaco
79%
NOR Norway
79%
POL Poland
79%
PRT Portugal
79%
SRB Serbia
79%
SVN Slovenia
79%
ESP Spain
79%
SWE Sweden
79%
BEL Belgium
75%
BGR Bulgaria
75%
HRV Croatia
75%
FRA France
75%
IRL Ireland
75%
MKD North Macedonia
75%
RUS Russia
75%
SVK Slovakia
75%
BIH Bosnia and Herzegovina
71%
EST Estonia
71%
LVA Latvia
71%
NLD Netherlands
71%
CZE Czech Republic
68%
ISL Iceland
68%
ROU Romania
68%
GBR United Kingdom
68%
GRC Greece
64%
LIE Liechtenstein
64%
MDA Moldova
64%
SMR San Marino
61%
CHE Switzerland
61%
No matching quizzes found
Score Distribution
Percent of People with Each Score
Percentile by Number Answered
Your Score History
You have not taken this quiz since the last reset